000 00591nam a2200205 a 4500
001 18167
003 CO-ViMGA
008 141112s2004 ck r 000 u spa d
020 _a8420448745
040 _aCO-ViMGA
_bspa
_cCO-ViMGA
082 0 4 _a863. S437n
100 1 _aSierra i fabra, Jordi
_925856
245 1 0 _aNunca seremos estrellas del rock
260 _aMadríd (España),
_cAlfaguara,
_c2002
300 _a148.p.
590 _aForma de adquisición : Premio - Mincultura
650 1 4 _aJOVENES EN LA LITERATURA
_92096
650 1 4 _aNOVELA JUVENIL ESPAÑOLA
_91056
942 _2ddc
_cBK
999 _c27539
_d27539